| 000 | 00458nam a2200157 4500 | ||
|---|---|---|---|
| 001 | 143966 | ||
| 003 | ES-MaACL | ||
| 005 | 20230906200921.0 | ||
| 007 | t| | ||
| 008 | 070214s1907 xxk r ||||1| eng d | ||
| 100 | 1 |
_aShaw, Bernard. _9106025 |
|
| 245 | 1 | 0 |
_aMan and superman _b: a comedy and a philosophy / _cby Bernard Shaw. |
| 260 |
_aLondon : _bArchibald Constable and Co., _c1907. |
||
| 300 |
_aXXXVIII, 244 p. ; _c18 cm. |
||
| 852 |
_aES-MaACL _jG-10341 |
||
| 999 |
_c143966 _d143966 |
||